000 00738cam a2200205 i 4500
005 20260125122906.0
008 250721s2019 le gr 000 0 ara d
020 _a9786144366752
082 1 4 _a346.02
_bب ك ر
100 1 _aبكر، عصمت عبد المجيد
_eمؤلف.
245 1 2 _aالوجيز في العقود المدنية المسماة الرهن /
_cالدكتور عصمت عبد المجيد بكر.
250 _aالطبعة الأولى.
264 3 1 _aلبنان :
_bمنشورات زين الحقوقيه،
_c2019.
300 _a592 صفحة.
650 1 7 _aالقانون الخاص.
650 1 7 _aالعقود.
650 1 7 _aالرهونات.
942 _2ddc
_cBK
999 _c141242
_d141242